[Event "ECU-ch Schools U15 Clas2"]
[Site "Chess.com INT"]
[Date "2020.11.07"]
[Round "4"]
[White "Tenempaguay Madrid, Isaac Emanuel"]
[Black "Cajeca Yata, Josue Daniel"]
[Result "0-1"]
[WhiteElo "1115"]
[BlackElo "1222"]
[PlyCount "76"]
[EventDate "2020.11.07"]
[EventType "swiss"]
[EventRounds "9"]
[EventCountry "ECU"]
[SourceTitle "EXT 2022"]
[Source "ChessBase"]
[SourceDate "2021.10.06"]
[SourceVersion "1"]
[SourceVersionDate "2021.10.06"]
[SourceQuality "1"]

1. e4 e5 2. Nf3 Nc6 3. Nc3 Nf6 4. Bc4 Bc5 5. d3 0-0 6. Bg5 h6 7. Bh4 Be7 8. 0-0 Nh7 9. Bxe7 Qxe7 10. Nd5 Qd8 11. Qd2 Ne7 12. Nxe5 Nxd5 13. Bxd5 d6 14. Nf3 c6 15. Bc4 Bg4 16. Qe3 d5 17. Bb3 Re8 18. Rfe1 a5 19. Rad1 a4 20. Qf4 Bxf3 21. Qxf3 axb3 22. axb3 Ng5 23. Qf4 Qf6 24. Qg4 Qg6 25. exd5 Rxe1+ 26. Rxe1 cxd5 27. Qg3 h5 28. Re5 f6 29. Re7 h4 30. Qe3 h3 31. g3 Kh7 32. f4 Nf7 33. Qf3 Nd6 34. Rd7 Nf5 35. g4 Nh6 36. f5 Qxg4+ 37. Qxg4 Nxg4 38. Rxd5 Ra1# 0-1

[Event "ECU-ch Schools U15 Clas1"]
[Site "Chess.com INT"]
[Date "2020.11.05"]
[Round "2"]
[White "Cajeca Yata, Josue Daniel"]
[Black "Tenempaguay Madrid, Isaac Emanuel"]
[Result "1/2-1/2"]
[WhiteElo "1222"]
[BlackElo "1115"]
[PlyCount "90"]
[EventDate "2020.11.05"]
[EventType "swiss"]
[EventRounds "9"]
[EventCountry "ECU"]
[SourceTitle "EXT 2022"]
[Source "ChessBase"]
[SourceDate "2021.10.06"]
[SourceVersion "1"]
[SourceVersionDate "2021.10.06"]
[SourceQuality "1"]

1. e4 e5 2. Bc4 Nc6 3. Qh5 g6 4. Qf3 Nf6 5. Nc3 Bg7 6. Qd1 d6 7. Nf3 a6 8. a4 Bg4 9. 0-0 Nd4 10. Be2 Nxe2+ 11. Qxe2 0-0 12. h3 Bd7 13. d3 c6 14. d4 exd4 15. Nxd4 Re8 16. Nf3 Re7 17. Re1 Qe8 18. Bg5 h6 19. Bd2 Rd8 20. Rad1 g5 21. Kh1 g4 22. hxg4 Bxg4 23. Kg1 Rdd7 24. Qe3 Re6 25. Rc1 Bxf3 26. Qxf3 Rde7 27. Re3 Nxe4 28. Nxe4 Rxe4 29. Rce1 R4e6 30. b3 d5 31. Rxe6 Rxe6 32. Rxe6 Qxe6 33. Qg3 Qc8 34. Bxh6 Qf8 35. Bf4 Qe7 36. Be3 Qf6 37. f3 Qa1+ 38. Kf2 Qb2 39. f4 Qxc2+ 40. Kf3 Qe4+ 41. Ke2 Qc2+ 42. Kf3 Qe4+ 43. Kf2 Qc2+ 44. Ke1 Qb1+ 45. Kf2 Qc2+ 1/2-1/2